000
00284nam a22001337a 4500
008
190305b xxu||||| |||| 00| 0 eng d
020
_a
0815137745
041
_a
eng
080
_2
4th
_a
610
100
_a
4
101
_a
SHM
245
_a
Emergency Medicine
_c
Rosen
942
_2
udc
_c
BK
999
_c
54576
_d
54576